Meranie výnosu zahraničných cenných papierov

Investovanie do zahraničných cenných papierov je spojené s rizikami. Riziká spojené s neurčitosťou pri výmene cudzej meny za domácu - politické riziko, riziko výmenného kurzu. Rozdiely medzi výnosmi získanými domácimi investormi a výnosmi získanými investovaním do zahraničných finančných nástrojov -...

Ausführliche Beschreibung

Gespeichert in:
Bibliographische Detailangaben
1. Verfasser: Polednáková, Anna, 1957-
Format: Buchkapitel
Sprache:Slowakisch
Schlagworte:
Tags: Tag hinzufügen
Keine Tags, Fügen Sie das erste Tag hinzu!

MARC

LEADER 00000naa a2200000 4500
001 r043771
005 20240502071338.1
041 0 |a slo 
044 |a SK 
245 1 0 |a Meranie výnosu zahraničných cenných papierov  |c Anna Polednáková 
520 |a Investovanie do zahraničných cenných papierov je spojené s rizikami. Riziká spojené s neurčitosťou pri výmene cudzej meny za domácu - politické riziko, riziko výmenného kurzu. Rozdiely medzi výnosmi získanými domácimi investormi a výnosmi získanými investovaním do zahraničných finančných nástrojov - zapríčinené pohybom menových kurzov. Príklady. 
610 2 0 |a papiere cenné 
610 2 0 |a výnosy 
610 2 0 |a riziko 
610 2 0 |a kurz menový 
610 2 0 |a investovanie 
100 1 |a Polednáková, Anna, 1957-